Self-organization in biological systems

Αποθηκεύτηκε σε:
Λεπτομέρειες βιβλιογραφικής εγγραφής
Άλλοι συγγραφείς: Camazine, Scott
Μορφή: Βιβλίο
Γλώσσα:English
Δημοσίευση: Princeton : Princeton University Press, c2001
Σειρά:Princeton studies in complexity
Θέματα:
Ετικέτες: Προσθήκη ετικέτας
Δεν υπάρχουν, Καταχωρήστε ετικέτα πρώτοι!

MARC

LEADER 00000nam a2200000 i 4500
001 1/66604
008 071207s2001 eng d
020 |a 0-691-11624-5 
035 |l 10092912 
040 |a GR-MY-UA  |b gre  |e aacr 
041 0 |a eng 
082 0 |a 570.11  |2 (22) 
245 1 0 |a Self-organization in biological systems /  |c Scott Camazine ... [κ.ά.]. ; original line drawings by William Ristine and Mary Ellen Didion ; starlogo programming by William Thies 
260 |a Princeton :   |b Princeton University Press,   |c c2001 
300 |a viii, 538 σ.;  |b εικ. (μερ. έγχρ.);  |c 24 εκ. 
490 1 |a Princeton studies in complexity 
504 |a Βιβλιογραφία: σ. [497]-524. Ευρετήριο 
650 0 0 |a Biological systems. 
650 0 0 |a Self-organizing systems. 
700 1 |a Camazine, Scott. 
830 0 |a Princeton studies in complexity 
852 |a INST  |b SYROS  |e 20071207  |h 570.11 SEL  |p 005500006808  |q 005500006808  |t BK  |y 0 
901 |a BIBL5-2007-3 
909 |a Ε  |b 140639 
922 |a 5ΕΛΗ  |b 200711  |c ΕΠΕΑΕΚ2/ΤΜΣΠΣ  |d ΕΛΕΥΘΕΡΟΥΔΑΚΗΣ 
970 |a ΚΟΝΤΟΥ  |b ΠΑΡΑΣΚΕΥΗ  |z 2007/12/07